000 00324nam a22001457a 4500
008 221108b ||||| |||| 00| 0 eng d
020 _a9781597565240
041 _aeng
080 _2SECOND EDITION
_a617
082 _a617
100 _a15.1
101 _aOFT
245 _aAUDIOLOGY WORKBOOL
_cKRAMER S
942 _2udc
_cBK
999 _c58802
_d58802